Fundamentos y aplicaciones de la mecánica de fluidos

Bibliographic Details
Main Authors: Barrero Ripoll, Antonio, Pérez- Sabor id, Miguel
Format: Section = Libro
Language:Undetermined
Spanish
Published: España McGraw-Hill 2005
Subjects:
LEADER 00671nam a2200229Ia 4500
008 240829s9999 xx 000 0 und d
020 |a 84-481-9890-5 
040 |a BIBLIOTECA-RUSB/ 620.106 B272 
041 |a spa 
082 |a 620.106 B272 
100 1 |a Barrero Ripoll, Antonio  
100 1 |b  Pérez- Sabor id, Miguel 
245 1 0 |a Fundamentos y aplicaciones de la mecánica de fluidos 
260 |a España  |b McGraw-Hill  |c 2005 
300 |a 865 p. :il. 
650 7 |a MECANICA DE FLUIDOS - FUNDAMENTOS 
650 7 |b  TERMODINAMICA - PROCESOS 
650 7 |c  CINEMATICA - FLUIDOS 
650 7 |d  ESTABILIDAD HIDRODINAMICA 
942 |c BK  |2 ddc 
991 |a TEXTO 
999 |c 2738